Statistics for United Kingdom Country Tile Select Quiz

Click here to take the quiz!

General Stats

  • This quiz has been taken 141 times
    (122 since last reset)
  • The average score is 67 of 80

Answer Stats

QuestionTileSelect% Correct
Prime Ministers of the UKBarack ObamaNo
100%
Prime Ministers of the UKBernard CazeneuveNo
100%
UK CountiesBuskerudNo
100%
UK cities (Including towns)CataniaNo
100%
Prime Ministers of the UKDonald TrumpNo
100%
UK cities (Including towns)GenevaNo
100%
Prime Ministers of the UKLionel JospinNo
100%
UK cities (Including towns)PerpignanNo
100%
UK cities (Including towns)TunisNo
100%
UK cities (Including towns)ValenciaNo
100%
Prime Ministers of the UKVladimir PutinNo
100%
UK cities (Including towns)BathYes
99%
Prime Ministers of the UKDavid CameronYes
99%
UK cities (Including towns)DenpasarNo
99%
Prime Ministers of the UKKarl CarstensNo
99%
UK cities (Including towns)MiddlesbroughYes
99%
UK cities (Including towns)NorwichYes
99%
UK CountiesRogalandNo
99%
English-speaking CountriesSouth KoreaNo
99%
UK CountiesVestfoldNo
99%
Prime Ministers of the UKJimmy CarterNo
98%
English-speaking CountriesMoroccoNo
98%
Prime Ministers of the UKVincent AurielNo
98%
Prime Ministers of the UKWinston ChurchillYes
98%
UK CountiesCarlowNo
97%
English-speaking CountriesSwedenNo
97%
Prime Ministers of the UKTheresa MayYes
97%
English-speaking CountriesTurkeyNo
97%
English-speaking CountriesAustraliaYes
96%
English-speaking CountriesCanadaYes
96%
English-speaking CountriesFranceNo
96%
UK cities (Including towns)IpswichYes
96%
UK cities (Including towns)MackayNo
96%
English-speaking CountriesMexicoNo
96%
UK CountiesCheshireYes
95%
UK CountiesDevonYes
95%
Countries Closest to UK (Within 2,000 Kilometres)FranceYes
95%
English-speaking CountriesNorwayNo
95%
UK CountiesSligoNo
94%
UK CountiesSomersetYes
94%
UK CountiesWestmeathNo
94%
Prime Ministers of the UKAndrew JohnsonNo
93%
UK CountiesBuckinghamshireYes
93%
English-speaking CountriesIcelandNo
93%
English-speaking CountriesMaliNo
93%
UK cities (Including towns)WrexhamYes
93%
Prime Ministers of the UKGordon BrownYes
92%
UK CountiesNorthamptonshireYes
92%
Countries Closest to UK (Within 2,000 Kilometres)MaltaNo
91%
English-speaking CountriesTaiwanNo
90%
Prime Ministers of the UKNeville ChamberlainYes
89%
Countries Closest to UK (Within 2,000 Kilometres)BelgiumYes
88%
Countries Closest to UK (Within 2,000 Kilometres)SlovakiaNo
87%
Prime Ministers of the UKJeremy CorbinNo
86%
Countries Closest to UK (Within 2,000 Kilometres)MoroccoNo
86%
Countries Closest to UK (Within 2,000 Kilometres)GermanyYes
84%
English-speaking CountriesGuineaNo
80%
UK cities (Including towns)BrunswickNo
78%
Countries Closest to UK (Within 2,000 Kilometres)DenmarkYes
78%
UK cities (Including towns)ArlingtonNo
76%
UK cities (Including towns)CorkNo
76%
Countries Closest to UK (Within 2,000 Kilometres)SpainYes
76%
Countries Closest to UK (Within 2,000 Kilometres)NorwayYes
75%
Countries Closest to UK (Within 2,000 Kilometres)PolandNo
69%
UK cities (Including towns)LerwickYes
62%
UK CountiesMonmouthshireYes
61%
Countries Closest to UK (Within 2,000 Kilometres)ItalyNo
60%
English-speaking CountriesIndiaYes
57%
English-speaking CountriesNigeriaYes
55%
UK CountiesOrkneyYes
50%
Countries Closest to UK (Within 2,000 Kilometres)PortugalYes
50%
Countries Closest to UK (Within 2,000 Kilometres)SwedenNo
47%
UK CountiesDenbighshireYes
45%
Countries Closest to UK (Within 2,000 Kilometres)AndorraYes
42%
English-speaking CountriesBangladeshYes
34%
Prime Ministers of the UKBonar LawYes
34%
Countries Closest to UK (Within 2,000 Kilometres)AustriaYes
33%
UK CountiesRhondda Cynon TaffYes
32%
UK CountiesTyroneYes
24%
Countries Closest to UK (Within 2,000 Kilometres)Czech RepublicYes
23%

Score Distribution

Percentile by Number Answered

Percent of People with Each Score

Your Score History

You have not taken this quiz since the last reset